La organización social de la muerte

Guardat en:
Dades bibliogràfiques
Autor principal: Sudnow, David (Autor)
Format: Llibre
Idioma:espanyol
Publicat: Buenos Aires Tiempo Contemporáneo 1971
Matèries:
Etiquetes: Afegir etiqueta
Sense etiquetes, Sigues el primer a etiquetar aquest registre!

MARC

LEADER 00000nam a2200000 a 4500
001 UCR9912
003 CL-VaPUC
008 980619e19710000AG |||||||||||||||||spa|d
082 0 4 |a 306.9  |b SUD  |2 21 
100 0 |a Sudnow, David  |e author  |9 412925 
245 1 3 |a La organización social de la muerte 
300 |a 207 p 
942 |c BK 
945 |d 19980619 00:00:00  |a crobeson 
260 |a Buenos Aires  |b Tiempo Contemporáneo  |c 1971 
650 0 |a Muerte  |9 265114 
650 0 |a Ciclo de vida  |9 349262 
650 0 |a Sociología   |9 255410 
583 |a last modification  |c 19980619 00:00:00  |k Rodrigo Vera 
999 |c 271086  |d 271084 
952 |0 0  |1 0  |4 0  |6 306_900000000000000_SUD_1971  |7 0  |8 A  |9 305589  |a BIBENE  |b BIBENE  |d 2019-11-20  |i 1421077  |o 306.9 SUD 1971  |p 1421077  |r 2025-01-15  |w 2019-11-20  |y BK  |k ICO 
952 |0 0  |1 0  |4 0  |6 306_900000000000000_SUD_1971  |7 0  |8 P  |9 305590  |a BIBEDU  |b BIBEDU  |c BIBEDU_PB  |d 2019-11-20  |i 1421085  |o 306.9 SUD 1971  |p 1421085  |r 2019-11-20  |w 2019-11-20  |y BK  |k LIT